| 000 | 00451nam a2200181Ia 4500 | ||
|---|---|---|---|
| 003 | OSt | ||
| 005 | 20240405163331.0 | ||
| 008 | 210210b1983 xxu||||| |||| 00| 0 eng d | ||
| 040 | _cAL | ||
| 082 | _a320 WADP | ||
| 100 |
_aWADHWANI (M A) and Others. _9147755 |
||
| 245 | _aPolitical science II PUC | ||
| 260 |
_aBangalore _bSheth Publishers _c1983 |
||
| 300 | _aviii,229 | ||
| 690 |
_aPolitical Theory _9147756 |
||
| 906 | _a037892 | ||
| 942 |
_2ddc _cBK |
||
| 999 |
_c87787 _d87787 |
||